00899nam0a22002171 4500001001100000005001700011021001900028035002600047100004100073101000800114102000700122105001800129200025900147210004000406215001600446606007700462712008300539801001800622801002200640852001900662rc\457592120260406170129.0 aRUb[59-64973] a(NLR Aleph) 008654353 a20130416d1959 |||y0rusy50 ca0 arus aRU ay z |||||1 aМатериалы по классификации растительности УралаeТезисы докладов на совещании (окт. 1959 г.)fАкад. наук СССР. Уральский филиал. Ин-т биологии aСвердловскcБ. и.d1959 a100 с.d22 aРастительностьyУралxКлассификация2psbo02aИнститут биологииcСвердловск3RU\NLR\AUTH\889937430 0aRUbNLRgpsbo 1aRUbELAR2rusmarc aNLRj59-6/9336